000 00639nam a2200229M 4500
001 94584
005 20230411090052.0
008 020418s1962 ru a 000 0 fre d
035 _a(OCoLC)ocn660045920
040 _aN5L
_cN5L
035 _a(OCoLC)660045920
049 _aGRAL
100 1 _aVarga, Eugen,
_d1879-
245 1 3 _aEl capitalismo del siglo XX /
_cTr. del ruso por M. Puente.
260 _aMoscĂș :
_bEdiciones en Lenguas Extranjeras,
_c1962?
300 _a168 p. :
_btables. ;
_c20 cm.
650 0 _aCapitalism
_y20th century.
700 1 _aPuente, M.,
_etr.
942 _2lcc
_cbk
994 _aC0
_bDRFGD
946 _aJP
999 _c111932
_d111932